000 00741nam a2200289Ia 4500
005 20260324122147.0
008 008 260324s9999 xx 000 0 eng d
020 _a9780203096215
037 _aEBOOK
040 _aCRL
040 _beng
040 _cCRL
041 _2eng
041 _aeng
084 _qCRL
100 _aRichard Phillips; Rayton R. Sianjina
_91165350
245 0 _aCyber Security for Educational Leaders
245 2 _bA Guide to Understanding and Implementing Technology Policies
260 _bTaylor and Francis
260 _c2013
365 _a
365 _b255
856 _uhttp://www.taylorfrancis.com/books/9780203096215
942 _cEBOOK
999 _c1757885
_d1757885